Entscheidungen des Obersten Gerichts der Deutschen Demokratischen Republik in Strafsachen
| Corporate Author: | |
|---|---|
| Format: | Print Journal |
| Language: | German |
| Published: |
Berlin
Staatsverl. d. DDR
1951-1972
Berlin Dt. Zentralverl. anfangs |
| In: | Year: 1951 |
| Availability in Albert-Krebs Library: | LC.75.042 2015-934, 2015-935 1.1951 - 2.1952 |
| Check availability: | HBZ Gateway |
| Keywords: |
MARC
| LEADER | 00000cas a2200000 c 4500 | ||
|---|---|---|---|
| 001 | 129070270 | ||
| 003 | DE-627 | ||
| 005 | 20260207114517.0 | ||
| 007 | tu | ||
| 008 | 931114d19511972xx z| p| w 0 |0ger c | ||
| 016 | 7 | |a 010024727 |2 DE-101 | |
| 016 | 7 | |a 1870-3 |2 DE-600 | |
| 024 | 8 | |a BSB-QK-Image-ID121876044470007356#131876838890007356 |q Identnummer | |
| 024 | 8 | |a BSB-QK-Image-ID121876044470007356#131876838870007356 |q Identnummer | |
| 035 | |a (DE-627)129070270 | ||
| 035 | |a (DE-603)04683463X | ||
| 035 | |a (DE-576)014402157 | ||
| 035 | |a (DE-599)ZDB1870-3 | ||
| 035 | |a (OCoLC)1367284276 | ||
| 040 | |a DE-627 |b ger |c DE-627 |e rakwb | ||
| 041 | |a ger | ||
| 044 | |c XA-DDDE | ||
| 082 | 0 | 4 | |a 340 |q DE-600 |
| 084 | |a 2,1 |2 ssgn | ||
| 084 | |a PO 1000 |2 rvk |0 (DE-625)rvk/138360: | ||
| 084 | |a 86.08 |2 bkl | ||
| 084 | |a 86.15 |2 bkl | ||
| 084 | |a 86.10 |2 bkl | ||
| 084 | |a 86.13 |2 bkl | ||
| 110 | 2 | |a Deutschland |g DDR |b Oberstes Gericht |e VerfasserIn |0 (DE-588)2029239-9 |0 (DE-627)102324638 |0 (DE-576)191810606 |4 aut | |
| 245 | 1 | 0 | |a Entscheidungen des Obersten Gerichts der Deutschen Demokratischen Republik in Strafsachen |
| 247 | 1 | 0 | |a Entscheidungen in Strafsachen. 1951-1972 |f Nebent. |
| 264 | 3 | 1 | |a Berlin |b Staatsverl. d. DDR |c 1951-1972 |
| 264 | 2 | 1 | |a Berlin |b Dt. Zentralverl. |c anfangs |
| 336 | |a Text |b txt |2 rdacontent | ||
| 337 | |a ohne Hilfsmittel zu benutzen |b n |2 rdamedia | ||
| 338 | |a Band |b nc |2 rdacarrier | ||
| 361 | 1 | |5 DE-35 |y 3829790910 |s F 155 |o Vorbesitz |a Wehrbereichsbibliothek (Hannover) |0 (DE-588)2032223-9 |0 (DE-627)102430195 |0 (DE-576)191836702 | |
| 362 | 0 | |a 1.1951 - 12.1972 | |
| 363 | 0 | 0 | |a 1 |i 1951 |
| 363 | 1 | 0 | |a 12 |i 1972 |
| 591 | |a C | ||
| 651 | 7 | |0 (DE-588)4011890-3 |0 (DE-627)104732415 |0 (DE-576)20889621X |a Deutschland |g DDR |2 gnd |7 (dpeaa)DE-2619 | |
| 655 | 7 | |a Zeitschrift |0 (DE-588)4067488-5 |0 (DE-627)10454466X |0 (DE-576)20917000X |2 gnd-content | |
| 655 | 7 | |a Entscheidungssammlung |0 (DE-588)4152408-1 |0 (DE-627)104713054 |0 (DE-576)209795298 |2 gnd-content | |
| 689 | 0 | 0 | |d b |0 (DE-588)2029239-9 |0 (DE-627)102324638 |0 (DE-576)191810606 |a Deutschland |g DDR |b Oberstes Gericht |2 gnd |
| 689 | 0 | 1 | |d s |0 (DE-588)4116635-8 |0 (DE-627)105805289 |0 (DE-576)209503211 |a Strafverfahrensrecht |2 gnd |
| 689 | 0 | |5 (DE-627) | |
| 689 | 1 | 0 | |d s |0 (DE-588)4073136-4 |0 (DE-627)106093207 |0 (DE-576)209189509 |a Justiz |2 gnd |
| 689 | 1 | 1 | |d s |0 (DE-588)4056666-3 |0 (DE-627)106154133 |0 (DE-576)209118490 |a Staatsrecht |2 gnd |
| 689 | 1 | 2 | |d g |0 (DE-588)4011882-4 |0 (DE-627)104704861 |0 (DE-576)208896155 |a Deutschland |2 gnd |
| 689 | 1 | 3 | |d s |0 (DE-588)4048737-4 |0 (DE-627)106189719 |0 (DE-576)20907907X |a Recht |2 gnd |
| 689 | 1 | |5 (DE-627) | |
| 889 | |w (DE-627)1818619032 | ||
| 935 | |a mkri | ||
| 936 | r | v | |a PO 1000 |b Zeitschriften, Entscheidungssammlungen |k Rechtswissenschaft |k Recht sozialistischer und ehemals sozialistischer Staaten (Ostrecht) bis Erscheinungsjahr 1989 |k Zeitschriften, Entscheidungssammlungen |0 (DE-627)1542053072 |0 (DE-625)rvk/138360: |0 (DE-576)472053078 |
| 936 | b | k | |a 86.08 |j Rechtspflege |j Rechtsprechungslehre |0 (DE-627)106413473 |
| 936 | b | k | |a 86.15 |j Allgemeines Prozessrecht |j Zivilprozess |0 (DE-627)106422510 |
| 936 | b | k | |a 86.10 |j Recht einzelner Länder, Gebiete und Völker |q ARK |0 (DE-627)106422499 |
| 936 | b | k | |a 86.13 |j Gerichtsverfassung |q ARK |0 (DE-627)106411411 |
| 936 | s | n | |a p100 |2 mzub |
| 951 | |a JT | ||
| ELC | |b 1 | ||
| LOK | |0 000 xxxxxcy a22 3n 4500 | ||
| LOK | |0 001 2108825479 | ||
| LOK | |0 003 DE-627 | ||
| LOK | |0 004 129070270 | ||
| LOK | |0 005 20031031000000 | ||
| LOK | |0 008 880928||||||||||||||||ger||||||| | ||
| LOK | |0 035 |a (DE-600)001180010 | ||
| LOK | |0 040 |a DE-21 |c DE-627 |d DE-21 | ||
| LOK | |0 852 |8 1 | ||
| LOK | |0 852 |a DE-21 | ||
| LOK | |0 852 1 |c Hn 350 |9 00 | ||
| LOK | |0 85900 |8 1.1 |a 1 |i 1951 | ||
| LOK | |0 85910 |8 1.2 |a 12 |i 1972 | ||
| LOK | |0 86630 |a 1.1951 - 12.1972 | ||
| LOK | |0 939 |a 28-09-88 |b z01 | ||
| LOK | |0 000 xxxxxcy a22 3n 4500 | ||
| LOK | |0 001 2108825487 | ||
| LOK | |0 003 DE-627 | ||
| LOK | |0 004 129070270 | ||
| LOK | |0 005 20080904104822 | ||
| LOK | |0 008 880930||||||||||||||||ger||||||| | ||
| LOK | |0 035 |a (DE-600)001180029 | ||
| LOK | |0 040 |a DE-21-24 |c DE-627 |d DE-21-24 | ||
| LOK | |0 092 |o n | ||
| LOK | |0 852 |8 1 | ||
| LOK | |0 852 |a DE-21-24 | ||
| LOK | |0 852 1 |c J,Ib,10 |9 00 | ||
| LOK | |0 85900 |8 1.1 |a 1 |i 1951 | ||
| LOK | |0 85910 |8 1.2 |a 12 |i 1972 | ||
| LOK | |0 86630 |a 1.1951 - 12.1972 | ||
| LOK | |0 939 |a 26-11-99 |b z01 | ||
| LOK | |0 000 xxxxxcx a22 zn 4500 | ||
| LOK | |0 001 2108825495 | ||
| LOK | |0 003 DE-627 | ||
| LOK | |0 004 129070270 | ||
| LOK | |0 005 20100521145537 | ||
| LOK | |0 008 950329||||||||||||||||ger||||||| | ||
| LOK | |0 040 |a DE-21-24 |c DE-627 |d DE-21-24 | ||
| LOK | |0 689 |a s |a Entscheidungssammlung (Strafrecht: DDR) | ||
| LOK | |0 689 |a s |a Oberstes Gericht (DDR: Entscheidungssammlung: Strafrecht) | ||
| LOK | |0 852 |a DE-21-24 | ||
| LOK | |0 852 1 |c J,Ib,10 |m p |9 00 | ||
| LOK | |0 866 |a 1.1951 - 12.1972 | ||
| LOK | |0 866 |x 1.1951 - 12.1972 | ||
| LOK | |0 935 |a ALEH | ||
| LOK | |0 936ln |a J,Ib, | ||
| LOK | |0 938 |k p | ||
| LOK | |0 939 |a 29-03-95 |b l01 | ||
| LOK | |0 000 xxxxxcy a22 3n 4500 | ||
| LOK | |0 001 2108825290 | ||
| LOK | |0 003 DE-627 | ||
| LOK | |0 004 129070270 | ||
| LOK | |0 005 20150711172209 | ||
| LOK | |0 008 881013||||||||||||||||ger||||||| | ||
| LOK | |0 035 |a (DE-600)00118007X | ||
| LOK | |0 040 |a DE-Frei85 |c DE-627 |d DE-Frei85 | ||
| LOK | |0 092 |o n | ||
| LOK | |0 852 |8 1 | ||
| LOK | |0 852 |a DE-Frei85 | ||
| LOK | |0 852 1 |9 00 | ||
| LOK | |0 85900 |8 1.1 |a 1 |i 1951 | ||
| LOK | |0 85910 |8 1.2 |a 12 |i 1972 | ||
| LOK | |0 86630 |a 1.1951 - 12.1972 | ||
| LOK | |0 939 |a 26-11-99 |b z01 | ||
| LOK | |0 000 xxxxxcx a22 zn 4500 | ||
| LOK | |0 001 4196277160 | ||
| LOK | |0 003 DE-627 | ||
| LOK | |0 004 129070270 | ||
| LOK | |0 005 20221118204310 | ||
| LOK | |0 008 221011||||||||||||||||ger||||||| | ||
| LOK | |0 035 |a (DE-2619)f0056 | ||
| LOK | |0 040 |a DE-2619 |c DE-627 |d DE-2619 | ||
| LOK | |0 092 |o n | ||
| LOK | |0 541 |e Bestand Albert-Krebs-Bibliothek: 2015-934, 2015-935 | ||
| LOK | |0 852 |a DE-2619 | ||
| LOK | |0 852 1 |c LC.75.042 |m p |9 00 | ||
| LOK | |0 86630 |a Bestand Albert-Krebs-Bibliothek: 1.1951 - 2.1952 | ||
| LOK | |0 935 |a kreb | ||
| LOK | |0 938 |k p | ||
| LOK | |0 939 |a 11-10-22 |b l01 | ||
| ORI | |a SA-MARC-krimdoka001.raw | ||
| TIM | |a 100019491208_100019900930 |b 1949-12-08 - 1990-09-30 | ||
